[Event "Coppa d'Oro"]
[Site "Villa Guardia ITA"]
[Date "2005.10.07"]
[Round "1"]
[White "Mason, Giovanni"]
[Black "Coppola, Guido"]
[Result "0-1"]
[WhiteElo "1544"]
[BlackElo "1981"]
[PlyCount "116"]
[EventDate "2005.10.07"]

1. e4 c5 2. Nf3 d6 3. c3 g6 4. d3 Nc6 5. Be2 Bg7 6. Nbd2 Nf6 7. h3 Nh5 8. Nf1
Bd7 9. Bd2 b5 10. g4 Nf6 11. Ng5 h6 12. Nf3 Qb6 13. Ne3 Rb8 14. O-O Be6 15. Nh4
c4 16. f3 cxd3 17. Bxd3 Ne5 18. Be2 Bc4 19. Kg2 O-O 20. Bc1 e6 21. Kh1 g5 22.
Nhg2 d5 23. exd5 Rfd8 24. Qc2 Nxd5 25. Nxd5 Bxd5 26. Be3 Qb7 27. Ne1 Rbc8 28.
Rd1 b4 29. c4 Nxc4 30. Bxc4 Rxc4 31. Qd2 Rdc8 32. Rc1 Qc6 33. Rxc4 Qxc4 34. Nd3
a5 35. Rc1 Bxf3+ 36. Kg1 Qa6 37. Rxc8+ Qxc8 38. Qc1 Qxc1+ 39. Bxc1 Bd4+ 40. Kf1
f5 41. gxf5 exf5 42. Ne1 Bd5 43. a3 Kg7 44. axb4 axb4 45. Nc2 Bc5 46. Be3 Bd6
47. Bd4+ Kg6 48. Ne3 Be6 49. Kg2 h5 50. Nd1 f4 51. Nf2 Kf5 52. Kg1 g4 53. hxg4+
hxg4 54. Bb6 Bc4 55. Bd4 g3 56. Nd1 Kg4 57. Nf2+ gxf2+ 58. Kxf2 f3 0-1

[Event "Coppa d'Oro"]
[Site "Villa Guardia ITA"]
[Date "2005.10.07"]
[Round "1"]
[White "Raineri, Pieroberto"]
[Black "Larghi, Riccardo"]
[Result "0-1"]
[WhiteElo "1580"]
[BlackElo "2011"]
[PlyCount "32"]
[EventDate "2005.10.07"]

1. Nf3 c5 2. c4 g6 3. Nc3 Bg7 4. d4 cxd4 5. Nxd4 Nc6 6. Ndb5 Nf6 7. Bf4 d6 8.
c5 a6 9. Nxd6+ exd6 10. Bxd6 Ne7 11. e4 Be6 12. b4 O-O 13. Qb1 Ne8 14. e5 Nxd6
15. cxd6 Bxe5 16. Ne4 Nf5 0-1

[Event "Coppa d'Oro"]
[Site "Villa Guardia ITA"]
[Date "2005.10.14"]
[Round "2"]
[White "Boffi, Luigi"]
[Black "Monetti, Egidio"]
[Result "1-0"]
[WhiteElo "1563"]
[BlackElo "1700"]
[PlyCount "103"]
[EventDate "2005.10.07"]

1. Nf3 d6 2. d4 c6 3. e4 Nf6 4. Nc3 g6 5. h3 Bg7 6. Be2 O-O 7. O-O Qc7 8. Be3
Nbd7 9. Qd2 e5 10. dxe5 Nxe5 11. Nxe5 dxe5 12. Bd3 Be6 13. a4 Nh5 14. Bh6 Nf4
15. Bxg7 Kxg7 16. Ne2 Nxd3 17. cxd3 f5 18. Rac1 Rad8 19. Qc3 f4 20. f3 Qb6+ 21.
Kh1 Kf6 22. Nxf4 Ke7 23. Qxe5 Rxf4 24. Qxf4 Rxd3 25. Qg5+ Kf7 26. Qf4+ Ke7 27.
Qe5 Qd4 28. Qc7+ Qd7 29. Qxd7+ Bxd7 30. Rfd1 Rb3 31. Rd2 Rb4 32. Rc3 Rxa4 33.
Ra3 Rxa3 34. bxa3 c5 35. Kg1 b5 36. Kf1 a5 37. Ke1 b4 38. axb4 cxb4 39. Kd1 a4
40. Kc2 Be6 41. Rd4 b3+ 42. Kb2 Bd7 43. g4 Ke8 44. f4 Ke7 45. f5 gxf5 46. exf5
Bc6 47. h4 Kf7 48. g5 Be8 49. h5 Kf8 50. h6 Bc6 51. g6 hxg6 52. fxg6 1-0

[Event "Coppa d'Oro"]
[Site "Villa Guardia ITA"]
[Date "2005.10.14"]
[Round "2"]
[White "Buonocore, Elio"]
[Black "Schingaro, Angelo"]
[Result "1-0"]
[WhiteElo "2156"]
[BlackElo "1760"]
[PlyCount "63"]
[EventDate "2005.10.07"]

1. e4 c6 2. d4 d5 3. Nd2 dxe4 4. Nxe4 Nd7 5. Bd3 Ngf6 6. Ng5 e6 7. N1f3 Bd6 8.
Qe2 Nb6 9. Ne5 O-O 10. f4 c5 11. dxc5 Bxc5 12. Bd2 Nbd5 13. O-O-O Qb6 14. Rhe1
a5 15. c3 h6 16. Ne4 Nxe4 17. Qxe4 Nf6 18. Qe2 Bd7 19. Nxd7 Nxd7 20. g4 Rfd8
21. g5 hxg5 22. fxg5 a4 23. g6 Nf6 24. gxf7+ Kxf7 25. Bc4 Re8 26. Bg5 Ra5 27.
Bxf6 gxf6 28. Rd7+ Be7 29. Qxe6+ Qxe6 30. Rxe6 Kf8 31. Rxb7 Rh5 32. Bb5 1-0

[Event "Coppa d'Oro"]
[Site "Villa Guardia ITA"]
[Date "2005.10.14"]
[Round "2"]
[White "Larghi, Riccardo"]
[Black "Zuccoli, Maurizio"]
[Result "1-0"]
[WhiteElo "2011"]
[BlackElo "1688"]
[PlyCount "55"]
[EventDate "2005.10.07"]

1. e4 c5 2. Nf3 d6 3. d4 cxd4 4. Nxd4 Nf6 5. Nc3 a6 6. Bg5 e6 7. f4 Be7 8. Qf3
Qc7 9. O-O-O O-O 10. g4 b5 11. Bxf6 Bxf6 12. g5 Bxd4 13. Rxd4 Nc6 14. Rd2 Bb7
15. Rg1 Rac8 16. Kb1 Nb4 17. Qh5 Nxc2 18. Rg3 Bxe4 19. Bd3 Bg6 20. Bxg6 fxg6
21. Qh4 d5 22. Qg4 Rf5 23. Rxc2 d4 24. Rgg2 d3 25. Rcd2 Qc4 26. Qd1 b4 27. Na4
Rxf4 28. Nb6 1-0

[Event "Coppa d'Oro"]
[Site "Villa Guardia ITA"]
[Date "2005.10.14"]
[Round "2"]
[White "Raineri, Pieroberto"]
[Black "Cairoli, Camillo"]
[Result "0-1"]
[WhiteElo "1580"]
[BlackElo "1916"]
[PlyCount "70"]
[EventDate "2005.10.07"]

1. Nf3 c5 2. c4 g6 3. e4 Bg7 4. d4 cxd4 5. Nxd4 Qb6 6. Nb3 d6 7. Be3 Qc7 8. Nc3
Nd7 9. Qd2 Ngf6 10. f3 O-O 11. Bh6 a6 12. Bxg7 Kxg7 13. Nd5 Nxd5 14. cxd5 Nf6
15. Rc1 Qd8 16. Be2 h5 17. O-O Bd7 18. Na5 Qb6+ 19. Kh1 Rac8 20. Nc4 Qa7 21.
Qb4 b5 22. Na5 Qb6 23. Bc4 Rb8 24. Bb3 Rfc8 25. Rcd1 Rc7 26. h3 h4 27. a3 Nh5
28. Rfe1 Nf4 29. Qd4+ Qxd4 30. Rxd4 f6 31. Kh2 Rbc8 32. g3 Rc2+ 33. Bxc2 Rxc2+
34. Kg1 hxg3 35. Rdd1 Nxh3+ 0-1

[Event "Coppa d'Oro"]
[Site "Villa Guardia ITA"]
[Date "2005.10.14"]
[Round "2"]
[White "Turcatti, Mauro"]
[Black "Cervini, Gian Piero"]
[Result "1-0"]
[WhiteElo "1709"]
[BlackElo "2028"]
[PlyCount "99"]
[EventDate "2005.10.07"]

1. e4 d6 2. d4 Nf6 3. Nc3 g6 4. f4 Bg7 5. e5 dxe5 6. dxe5 Qxd1+ 7. Kxd1 Ng4 8.
Ke1 c6 9. h3 Nh6 10. g4 f6 11. Nf3 Nd7 12. exf6 exf6 13. Bc4 Nc5 14. Be3 Be6
15. Bxe6 Nxe6 16. Nd4 Nxd4 17. Bxd4 O-O-O 18. Bxa7 f5 19. Rd1 Bxc3+ 20. bxc3
Rhe8+ 21. Kf2 fxg4 22. Kg3 gxh3 23. Bb6 Rxd1 24. Rxd1 h2 25. Kxh2 Nf5 26. Kh3
Ne3 27. Re1 Re4 28. Rxe3 Rxf4 29. Rd3 Rf8 30. Kg4 Rh8 31. Kg5 h5 32. Kxg6 h4
33. Rh3 Kd7 34. Kg5 Kd6 35. Rxh4 Rxh4 36. Kxh4 Kd5 37. Bd4 Kc4 38. a4 Kd5 39.
Kg4 Kd6 40. Kf5 Kd5 41. a5 Kc4 42. Ke6 Kb5 43. Kd6 Kxa5 44. Kc7 Ka6 45. Bb6 c5
46. Bxc5 Kb5 47. Bb4 b6 48. Kd6 Kc4 49. Kc6 b5 50. Kb6 1-0

[Event "Coppa d'Oro"]
[Site "Villa Guardia ITA"]
[Date "2005.10.21"]
[Round "3"]
[White "Cairoli, Camillo"]
[Black "Laricini, Alberto"]
[Result "1-0"]
[WhiteElo "1916"]
[BlackElo "1622"]
[PlyCount "153"]
[EventDate "2005.10.07"]

1. d4 d5 2. Nf3 Nf6 3. c4 e6 4. Nc3 Be7 5. Bg5 O-O 6. e3 Nbd7 7. Rc1 h6 8. Bh4
c5 9. Bd3 b6 10. cxd5 Nxd5 11. Bg3 Nxc3 12. bxc3 Bb7 13. O-O Rc8 14. Qe2 Nf6
15. e4 Nh5 16. Bb1 Nxg3 17. hxg3 Rc7 18. Rfd1 Qc8 19. Qe3 Re8 20. g4 cxd4 21.
cxd4 Rxc1 22. Rxc1 Qd7 23. Qd3 Rc8 24. Rd1 g6 25. Ne5 Qe8 26. Bc2 Bf6 27. Nf3
Qc6 28. Bb1 Qe8 29. Qd2 Bg7 30. g5 h5 31. Nh4 Qd8 32. f4 Qc7 33. f5 exf5 34.
exf5 Qg3 35. Qf2 Qxg5 36. fxg6 f6 37. Qe1 Qd5 38. Bf5 Qd8 39. Bxc8 Bxc8 40. Qe4
Bg4 41. Re1 Bd7 42. Nf5 Bxf5 43. Qxf5 Qxd4+ 44. Qf2 Qd8 45. Qe2 Qd4+ 46. Qf2
Qd8 47. Qe3 Bf8 48. Qb3+ Kg7 49. Rd1 Bc5+ 50. Kf1 Qe8 51. Qf7+ Qxf7 52. gxf7
Kxf7 53. Rd7+ Kg6 54. Rxa7 Kf5 55. Rf7 Kg5 56. Ke2 f5 57. Kf3 Kg6 58. Rc7 Kg5
59. a4 Bg1 60. Rc6 h4 61. Rc8 Bh2 62. Rc6 Bg1 63. Re6 Bc5 64. Re8 Bd6 65. Re6
Bc5 66. Rc6 Bg1 67. Rc4 Bh2 68. g4 fxg4+ 69. Rxg4+ Kh5 70. Rg8 Bd6 71. Kg2 Bc5
72. Kh3 Bf2 73. Rg4 Be1 74. Re4 Bf2 75. Re5+ Kg6 76. Kg4 Kf6 77. Rf5+ 1-0

[Event "Coppa d'Oro"]
[Site "Villa Guardia ITA"]
[Date "2005.10.21"]
[Round "3"]
[White "Cervini, Gian Piero"]
[Black "Boffi, Luigi"]
[Result "1/2-1/2"]
[WhiteElo "2028"]
[BlackElo "1563"]
[PlyCount "48"]
[EventDate "2005.10.07"]

1. e4 c6 2. d4 d5 3. e5 Bf5 4. h4 h6 5. g4 Be4 6. f3 Bh7 7. Bd3 Bxd3 8. Qxd3 e6
9. Ne2 Nd7 10. g5 hxg5 11. Bxg5 Be7 12. Bxe7 Qxe7 13. h5 Nh6 14. Nd2 Nf5 15.
O-O-O O-O-O 16. Rdg1 Rh6 17. Ng3 Nxg3 18. Rxg3 g6 19. Rgh3 Rdh8 20. f4 gxh5 21.
Qf3 h4 22. Qg4 Rg6 23. Qf3 Rgh6 24. Qg4 Rg6 1/2-1/2

[Event "Coppa d'Oro"]
[Site "Villa Guardia ITA"]
[Date "2005.10.21"]
[Round "3"]
[White "Coppola, Guido"]
[Black "Buonocore, Elio"]
[Result "1/2-1/2"]
[WhiteElo "1981"]
[BlackElo "2156"]
[PlyCount "99"]
[EventDate "2005.10.07"]

1. e4 c5 2. Nf3 Nc6 3. d4 cxd4 4. Nxd4 Nf6 5. Nc3 e5 6. Ndb5 d6 7. a4 a6 8. Na3
Bg4 9. f3 Be6 10. Nc4 Nb4 11. Ne3 d5 12. exd5 Nfxd5 13. Ncxd5 Nxd5 14. Nxd5
Qxd5 15. Qxd5 Bxd5 16. Bd3 Bc5 17. Bd2 O-O 18. b4 Bd4 19. c3 Ba7 20. c4 e4 21.
fxe4 Bxe4 22. Bxe4 Rfe8 23. c5 Rxe4+ 24. Kf2 a5 25. Rhe1 Rd4 26. Be3 Rxb4 27.
Reb1 Rc8 28. Rxb4 axb4 29. Rb1 Bxc5 30. Bxc5 Rxc5 31. Rxb4 Rc7 32. a5 g6 33.
Rb6 Kg7 34. a6 bxa6 35. Rxa6 h5 36. Kg3 f6 37. h3 g5 38. Ra3 Rc4 39. Kf3 Kg6
40. g4 hxg4+ 41. hxg4 Rf4+ 42. Kg3 Rd4 43. Kf3 Kf7 44. Re3 Rd6 45. Ra3 Ke6 46.
Re3+ Kd5 47. Ra3 Rc6 48. Ke3 Rc5 49. Kf3 Kd4 50. Ra4+ 1/2-1/2

[Event "Coppa d'Oro"]
[Site "Villa Guardia ITA"]
[Date "2005.10.21"]
[Round "3"]
[White "Grassetto, Gilberto"]
[Black "Larghi, Riccardo"]
[Result "0-1"]
[WhiteElo "1763"]
[BlackElo "2011"]
[PlyCount "104"]
[EventDate "2005.10.07"]

1. d4 Nf6 2. c4 c5 3. d5 b5 4. cxb5 a6 5. bxa6 Bxa6 6. Nc3 d6 7. Nf3 g6 8. g3
Bg7 9. Bg2 O-O 10. O-O Nbd7 11. Re1 Ra7 12. Rb1 Qa8 13. b3 Rb8 14. Bb2 Ne8 15.
e4 Nc7 16. Qc2 Rab7 17. Ba1 Qa7 18. Ne2 Bxa1 19. Rxa1 Bxe2 20. Qxe2 Qa6 21. Nd2
Qxe2 22. Rxe2 Nb5 23. Nc4 Nd4 24. Rb2 Ra7 25. Rab1 Nb6 26. Bf1 Kg7 27. Kg2 Kf6
28. f4 Nxc4 29. Bxc4 Rba8 30. a4 Rb8 31. g4 Rb4 32. Kg3 h6 33. h4 Kg7 34. g5 h5
35. Rf1 Raxa4 36. f5 Ra3 37. f6+ exf6 38. Rxf6 Rxc4 39. Rxd6 Nxb3 40. Kf4 Nd4
41. Rd7 Rb4 42. Rf2 c4 43. Ke5 Nf3+ 44. Kd6 Re3 45. Kc5 Rbb3 46. Rc7 Rxe4 47.
d6 Ne5 48. Kd5 Re1 49. Rf6 Rd3+ 50. Kc5 c3 51. Kb6 Rb1+ 52. Ka7 c2 0-1

[Event "Coppa d'Oro"]
[Site "Villa Guardia ITA"]
[Date "2005.10.21"]
[Round "3"]
[White "Liscio, Giovanni"]
[Black "Turcatti, Mauro"]
[Result "1-0"]
[WhiteElo "2000"]
[BlackElo "1709"]
[PlyCount "89"]
[EventDate "2005.10.07"]

1. d4 Nf6 2. c4 e6 3. Nc3 d5 4. e3 c5 5. Nf3 Nc6 6. Be2 dxc4 7. Bxc4 cxd4 8.
exd4 Be7 9. O-O O-O 10. a3 b6 11. Be3 Bb7 12. Qe2 a6 13. Rfd1 b5 14. Ba2 Qc8
15. Rac1 b4 16. Na4 Qd8 17. d5 exd5 18. Nb6 Rb8 19. Bxd5 Nxd5 20. Nxd5 Bd6 21.
axb4 Ne7 22. Nc3 Bxf3 23. Qxf3 Qc7 24. Ne4 Bxh2+ 25. Kh1 Qe5 26. Bd4 Qf4 27.
Bc5 Qxf3 28. gxf3 Bf4 29. Bxe7 Rfe8 30. Bc5 Bxc1 31. Rxc1 a5 32. bxa5 Rxb2 33.
Ra1 Re6 34. a6 Rb8 35. a7 Ra8 36. Rb1 f5 37. Rb8+ Re8 38. Rxa8 Rxa8 39. Nd6 g6
40. Nb5 Kf7 41. Nc7 Rc8 42. Kh2 Kf6 43. f4 Kg7 44. a8=Q Rxa8 45. Nxa8 1-0

[Event "Coppa d'Oro"]
[Site "Villa Guardia ITA"]
[Date "2005.10.28"]
[Round "4"]
[White "Boffi, Luigi"]
[Black "Raineri, Pieroberto"]
[Result "1/2-1/2"]
[WhiteElo "1563"]
[BlackElo "1580"]
[PlyCount "90"]
[EventDate "2005.10.07"]

1. d4 d5 2. Nf3 e6 3. c4 c6 4. Nc3 Nf6 5. e3 Nbd7 6. Bd3 dxc4 7. Bxc4 b5 8. Bd3
a6 9. O-O c5 10. b3 Bb7 11. Bb2 Be7 12. Rc1 O-O 13. Nb1 Ne4 14. Nbd2 Ndf6 15.
Qc2 Nxd2 16. Nxd2 cxd4 17. Bxd4 Qd5 18. Nf3 Rac8 19. Qb1 Rfd8 20. Rfd1 Qh5 21.
Bxf6 Bxf6 22. Be4 Bxe4 23. Rxd8+ Rxd8 24. Qxe4 Qc5 25. Qb1 Bc3 26. Ng5 Qxg5 27.
Rxc3 Qd5 28. h3 g6 29. Qc1 b4 30. Rc4 a5 31. Rd4 Qa8 32. Qd2 Rxd4 33. Qxd4 Qd5
34. Kf1 Kf8 35. f3 Qxd4 36. exd4 Ke7 37. Ke2 Kd6 38. g3 Kd5 39. Kd3 g5 40. Ke3
f5 41. f4 h6 42. h4 gxf4+ 43. gxf4 h5 44. Kd3 Kd6 45. Kc4 Kc6 1/2-1/2

[Event "Coppa d'Oro"]
[Site "Villa Guardia ITA"]
[Date "2005.10.28"]
[Round "4"]
[White "Buonocore, Elio"]
[Black "Cairoli, Camillo"]
[Result "1-0"]
[WhiteElo "2156"]
[BlackElo "1916"]
[PlyCount "83"]
[EventDate "2005.10.07"]

1. e4 c5 2. Nf3 d6 3. d4 cxd4 4. Nxd4 Nf6 5. Nc3 g6 6. Be3 Bg7 7. f3 Nc6 8. Qd2
O-O 9. O-O-O Nxd4 10. Bxd4 Be6 11. Kb1 Qa5 12. Nd5 Qxd2 13. Nxe7+ Kh8 14. Rxd2
Rfe8 15. Bxf6 Bxf6 16. Nd5 Bd8 17. Bb5 Rf8 18. Bc4 Rc8 19. Bb3 f5 20. exf5 Bxf5
21. Nc3 Ba5 22. Rxd6 Bxc3 23. bxc3 Rxc3 24. Re1 Rc7 25. a4 Kg7 26. Kb2 h5 27.
Re2 b6 28. h4 Rfc8 29. Rd4 Rf8 30. Rf4 Rd8 31. g4 hxg4 32. fxg4 Bc8 33. Ref2
Rdd7 34. Rf8 Re7 35. Rg8+ Kh7 36. g5 Bf5 37. h5 Rg7 38. Rxg7+ Kxg7 39. h6+ Kh7
40. Re2 a5 41. Re8 Rc5 42. Bg8+ 1-0

[Event "Coppa d'Oro"]
[Site "Villa Guardia ITA"]
[Date "2005.10.28"]
[Round "4"]
[White "Larghi, Riccardo"]
[Black "Liscio, Giovanni"]
[Result "1/2-1/2"]
[WhiteElo "2011"]
[BlackElo "2000"]
[PlyCount "45"]
[EventDate "2005.10.07"]

1. e4 c5 2. Nf3 d6 3. d4 cxd4 4. Nxd4 Nf6 5. Nc3 a6 6. Bg5 e6 7. Bc4 Be7 8. Qf3
Qc7 9. Bb3 Nc6 10. O-O-O Bd7 11. Rhe1 Nxd4 12. Rxd4 Bc6 13. Qg3 O-O-O 14. f3 h6
15. Be3 g6 16. Qf2 Nd7 17. Red1 Nc5 18. R4d2 b6 19. Kb1 Kb7 20. Bd4 Rhe8 21.
Bg7 h5 22. Bd4 Nxb3 23. axb3 1/2-1/2

[Event "Coppa d'Oro"]
[Site "Villa Guardia ITA"]
[Date "2005.10.28"]
[Round "4"]
[White "Schingaro, Angelo"]
[Black "Cervini, Gian Piero"]
[Result "1-0"]
[WhiteElo "1760"]
[BlackElo "2028"]
[PlyCount "45"]
[EventDate "2005.10.07"]

1. e4 d6 2. d4 Nf6 3. Nc3 g6 4. g3 Nc6 5. Bg2 e5 6. Nge2 Bg7 7. h3 O-O 8. O-O
exd4 9. Nxd4 Bd7 10. Be3 Qc8 11. Nxc6 bxc6 12. Kh2 Nh5 13. Qd3 f5 14. exf5 Bxf5
15. Qc4+ d5 16. Qxc6 d4 17. Nd5 Rf7 18. Bg5 Rb8 19. Ne7+ Rxe7 20. Bxe7 Rxb2 21.
Rab1 Rxc2 22. Qb7 Qd7 23. Qb3+ 1-0

[Event "Coppa d'Oro"]
[Site "Villa Guardia ITA"]
[Date "2005.10.31"]
[Round "4"]
[White "Turcatti, Mauro"]
[Black "Coppola, Guido"]
[Result "0-1"]
[WhiteElo "1709"]
[BlackElo "1981"]
[PlyCount "40"]
[EventDate "2005.10.07"]

1. e4 c5 2. c3 d5 3. exd5 Qxd5 4. d4 e6 5. Nf3 Nc6 6. Be3 cxd4 7. cxd4 Bb4+ 8.
Nc3 Nf6 9. Bd3 Qa5 10. Rc1 Qxa2 11. O-O Bxc3 12. bxc3 Nd5 13. c4 Nxe3 14. fxe3
Qa5 15. e4 O-O 16. e5 g6 17. Nh4 Qd8 18. Qg4 Qxd4+ 19. Qxd4 Nxd4 20. Rf4 Nc6
0-1

[Event "Coppa d'Oro"]
[Site "Villa Guardia ITA"]
[Date "2005.10.28"]
[Round "4"]
[White "Zuccoli, Maurizio"]
[Black "Ghelfi, Giancarlo"]
[Result "1-0"]
[WhiteElo "1688"]
[BlackElo "1664"]
[PlyCount "51"]
[EventDate "2005.10.07"]

1. e4 e5 2. Nf3 Nc6 3. Bc4 Bc5 4. Nc3 Nf6 5. d3 d6 6. Bg5 h6 7. Bxf6 Qxf6 8.
Nd5 Qd8 9. a3 a6 10. b4 Ba7 11. h3 Be6 12. c3 b5 13. Bb3 Ne7 14. Ne3 Bxe3 15.
fxe3 Bxb3 16. Qxb3 O-O 17. O-O Ng6 18. Rf2 Qd7 19. Raf1 Qe6 20. Qd1 Rae8 21.
Nh2 Re7 22. Qh5 Nh8 23. Rf6 gxf6 24. Rf5 Rc8 25. Qxh6 Ng6 26. Ng4 1-0

[Event "Coppa d'Oro"]
[Site "Villa Guardia ITA"]
[Date "2005.11.04"]
[Round "5"]
[White "Cairoli, Camillo"]
[Black "Boffi, Luigi"]
[Result "1-0"]
[WhiteElo "1916"]
[BlackElo "1563"]
[PlyCount "67"]
[EventDate "2005.10.07"]

1. d4 d5 2. Nf3 Nf6 3. c4 e6 4. Nc3 Be7 5. Bf4 O-O 6. e3 b6 7. cxd5 Nxd5 8.
Nxd5 exd5 9. Bd3 Nd7 10. O-O c5 11. Rc1 c4 12. Bb1 b5 13. e4 Nb6 14. Qc2 f5 15.
exd5 Nxd5 16. Be5 Bb7 17. Rfd1 Rc8 18. Qe2 Bd6 19. Qd2 Be7 20. a3 a5 21. Ba2
Nf6 22. a4 Ba6 23. axb5 Bxb5 24. Ng5 Qd5 25. f3 h6 26. Nh3 g5 27. Nf2 Qd8 28.
d5 Bd6 29. Bc3 Bf4 30. Qc2 Bxc1 31. Qxf5 Be8 32. Rxc1 Nxd5 33. Qe6+ Kh7 34.
Bb1+ 1-0

[Event "Coppa d'Oro"]
[Site "Villa Guardia ITA"]
[Date "2005.11.04"]
[Round "5"]
[White "Giaracuni, Claudio"]
[Black "Schingaro, Angelo"]
[Result "0-1"]
[WhiteElo "1646"]
[BlackElo "1760"]
[PlyCount "44"]
[EventDate "2005.10.07"]

1. e4 c6 2. d4 d5 3. exd5 cxd5 4. c4 Nf6 5. Nc3 e6 6. Bg5 Bb4 7. c5 Nc6 8. Nf3
Qa5 9. Qc2 Ne4 10. Bd2 Nxd2 11. Qxd2 O-O 12. Be2 b6 13. cxb6 Qxb6 14. O-O Ba6
15. a3 Bxe2 16. Qxe2 Bd6 17. Nb5 Be7 18. Rfd1 Rab8 19. Rac1 Rfc8 20. Ne5 Nxe5
21. dxe5 Rxc1 22. Rxc1 Qxb5 0-1

[Event "Coppa d'Oro"]
[Site "Villa Guardia ITA"]
[Date "2005.11.04"]
[Round "5"]
[White "Laricini, Alberto"]
[Black "Turcatti, Mauro"]
[Result "1/2-1/2"]
[WhiteElo "1622"]
[BlackElo "1709"]
[PlyCount "123"]
[EventDate "2005.10.07"]

1. d4 e6 2. c4 Nf6 3. Nf3 d5 4. Nc3 c5 5. cxd5 Nxd5 6. Nxd5 Qxd5 7. e3 Nc6 8.
Be2 cxd4 9. exd4 Bb4+ 10. Bd2 Bxd2+ 11. Qxd2 O-O 12. O-O Rd8 13. Rfd1 b6 14. a3
Bb7 15. Rac1 Rd7 16. Qe3 Rad8 17. Bc4 Qf5 18. h3 Qf6 19. Bb5 Nxd4 20. Bxd7
Nxf3+ 21. gxf3 Bxf3 22. Kh2 Bxd1 23. Rxd1 Qxb2 24. Qf3 Qe5+ 25. Kh1 Qf5 26. Qg2
Qc2 27. Rg1 g6 28. Bb5 Rd5 29. a4 Rf5 30. Rf1 Kg7 31. Qg3 Qe4+ 32. Kh2 Rf3 33.
Qg2 Qf4+ 34. Kh1 Qf5 35. Kh2 Qf4+ 36. Kg1 Qf5 37. Be2 Ra3 38. Bb5 Rxh3 39. f3
Qc5+ 40. Rf2 Rh5 41. Qf1 Rg5+ 42. Kh1 Rh5+ 43. Rh2 Qe5 44. Qg2 Rxh2+ 45. Qxh2
Qe1+ 46. Qg1 Qh4+ 47. Qh2 Qe1+ 48. Qg1 Qc3 49. Kg2 Qd2+ 50. Qf2 Qg5+ 51. Qg3
Qd2+ 52. Qf2 Qc3 53. Qg3 Qb2+ 54. Qf2 Qe5 55. Qg3 Qxg3+ 56. Kxg3 e5 57. Bd3 Kf6
58. Kg4 h6 59. Kh4 Ke6 60. Bc4+ Kf6 61. Bd3 Ke6 62. Bc4+ 1/2-1/2

[Event "Coppa d'Oro"]
[Site "Villa Guardia ITA"]
[Date "2005.11.04"]
[Round "5"]
[White "Liscio, Giovanni"]
[Black "Buonocore, Elio"]
[Result "0-1"]
[WhiteElo "2000"]
[BlackElo "2156"]
[PlyCount "133"]
[EventDate "2005.10.07"]

1. d4 f5 2. c4 Nf6 3. Nc3 g6 4. g3 Bg7 5. Bg2 O-O 6. Nf3 d6 7. O-O Qe8 8. d5 a5
9. Nd4 Na6 10. e4 fxe4 11. Nxe4 Nxe4 12. Bxe4 Bh3 13. Bg2 Bxg2 14. Kxg2 Nc5 15.
Be3 c6 16. Rb1 Qf7 17. dxc6 Qxc4 18. cxb7 Rab8 19. b3 Qd5+ 20. Kg1 Rxb7 21. Nc2
Qxd1 22. Rbxd1 Ne4 23. Rd5 Ra8 24. Rd3 Nc3 25. Re1 Nxa2 26. Bg5 Rc8 27. Na3 Nb4
28. Rf3 Nd5 29. Nc4 a4 30. Nxd6 exd6 31. bxa4 h6 32. Bd2 Rc2 33. Rd3 Rxd2 34.
Rxd2 Bc3 35. Re8+ Kf7 36. Rde2 Nf6 37. Ra8 d5 38. a5 d4 39. a6 Rd7 40. a7 d3
41. Rf8+ Kg7 42. Rd2 Rxa7 43. Rxd3 Kxf8 44. Rxc3 Kf7 45. h3 g5 46. Rc4 Ra5 47.
Kg2 Ke6 48. Rb4 h5 49. Rc4 Rb5 50. Rc2 Kf5 51. Rc4 Ne4 52. Rc8 Rb6 53. Ra8 Nf6
54. Ra5+ Kg6 55. Ra2 Rb3 56. Re2 g4 57. Ra2 Rf3 58. Rb2 Ne4 59. Rb6+ Nf6 60.
Rb2 Rf5 61. Ra2 Ne4 62. Ra6+ Kf7 63. Ra7+ Ke6 64. Ra6+ Kd7 65. Ra7+ Kc6 66. Ra2
Kb5 67. Re2 0-1

[Event "Coppa d'Oro"]
[Site "Villa Guardia ITA"]
[Date "2005.11.04"]
[Round "5"]
[White "Monetti, Egidio"]
[Black "Zuccoli, Maurizio"]
[Result "1/2-1/2"]
[WhiteElo "1700"]
[BlackElo "1688"]
[PlyCount "90"]
[EventDate "2005.10.07"]

1. c4 Nf6 2. Nf3 e6 3. Nc3 c5 4. g3 Nc6 5. Bg2 d5 6. O-O Be7 7. e3 dxc4 8. Qa4
O-O 9. Qxc4 a6 10. Ne4 Qd5 11. Nxf6+ Bxf6 12. Qxd5 exd5 13. d3 Rd8 14. a3 Na5
15. Nd2 Bg4 16. Bf3 Bxf3 17. Nxf3 Nb3 18. Rb1 Rac8 19. Bd2 g5 20. g4 h5 21. h3
hxg4 22. hxg4 Kg7 23. Kg2 Rh8 24. Rh1 Kg6 25. e4 dxe4 26. dxe4 Rxh1 27. Kxh1
Rh8+ 28. Kg2 Rd8 29. Bc3 b5 30. e5 Be7 31. Kf1 b4 32. axb4 cxb4 33. Be1 a5 34.
Ke2 f5 35. Nd2 Nxd2 36. Bxd2 Rd5 37. gxf5+ Kxf5 38. Rc1 Rxe5+ 39. Be3 Bf6 40.
Kd3 Rxe3+ 41. fxe3 Bxb2 42. Rc5+ Kf6 43. Rxa5 g4 44. Ke2 Be5 45. Rb5 Bd6
1/2-1/2

[Event "Coppa d'Oro"]
[Site "Villa Guardia ITA"]
[Date "2005.11.11"]
[Round "6"]
[White "Boffi, Luigi"]
[Black "Laricini, Alberto"]
[Result "1-0"]
[WhiteElo "1563"]
[BlackElo "1622"]
[PlyCount "73"]
[EventDate "2005.10.07"]

1. e4 Nf6 2. e5 Nd5 3. d4 d6 4. c4 Nb6 5. exd6 exd6 6. Nc3 Be7 7. h3 Bf5 8. Nf3
O-O 9. Bd3 Bxd3 10. Qxd3 Nc6 11. b3 Bf6 12. O-O Re8 13. a3 d5 14. Be3 Na5 15.
c5 Nc8 16. Qb5 b6 17. Nxd5 Kf8 18. Nxf6 Qxf6 19. b4 Nc6 20. Rfe1 h6 21. Rad1 a6
22. Qd3 N8e7 23. cxb6 cxb6 24. d5 Nd8 25. d6 Ng6 26. Bxb6 Ne6 27. Bc5 Kg8 28.
Qd5 Ngf4 29. Qe5 Nxh3+ 30. Kh2 Qxe5+ 31. Nxe5 Nhg5 32. d7 Rf8 33. Bxf8 Kxf8 34.
Nc6 f6 35. d8=Q+ Nxd8 36. Rxd8+ Rxd8 37. Nxd8 1-0

[Event "Coppa d'Oro"]
[Site "Villa Guardia ITA"]
[Date "2005.11.11"]
[Round "6"]
[White "Buonocore, Elio"]
[Black "Larghi, Riccardo"]
[Result "1-0"]
[WhiteElo "2156"]
[BlackElo "2011"]
[PlyCount "33"]
[EventDate "2005.10.07"]

1. e4 c5 2. Nf3 d6 3. d4 cxd4 4. Nxd4 Nf6 5. Nc3 g6 6. Be3 Bg7 7. f3 O-O 8. Qd2
Nc6 9. O-O-O d5 10. Kb1 e6 11. g4 Qc7 12. g5 Nh5 13. exd5 exd5 14. Nxd5 Qe5 15.
c4 Bd7 16. f4 Qd6 17. Nxc6 1-0

[Event "Coppa d'Oro"]
[Site "Villa Guardia ITA"]
[Date "2005.11.11"]
[Round "6"]
[White "Grassetto, Gilberto"]
[Black "Cairoli, Camillo"]
[Result "0-1"]
[WhiteElo "1763"]
[BlackElo "1916"]
[PlyCount "59"]
[EventDate "2005.10.07"]

1. d4 d5 2. Nf3 c6 3. e3 Nf6 4. Nbd2 Nbd7 5. a3 e6 6. b4 Bd6 7. Bb2 O-O 8. c4
Ne4 9. Bd3 f5 10. Qc2 Qe7 11. O-O g5 12. Nb3 g4 13. Nfd2 Qh4 14. g3 Nxg3 15.
fxg3 Bxg3 16. Nb1 Bd6 17. Qg2 Rf6 18. N1d2 Qg5 19. Rad1 Rh6 20. Nf3 Qg7 21. Ne5
Nxe5 22. dxe5 Bxe5 23. Bxe5 Qxe5 24. Nd4 Bd7 25. Qg3 Qg7 26. Rc1 Rh3 27. Qd6
Rxe3 28. Bxf5 Qxd4 29. Bxh7+ Kxh7 30. Qe7+ 0-1

[Event "Coppa d'Oro"]
[Site "Villa Guardia ITA"]
[Date "2005.11.11"]
[Round "6"]
[White "Schingaro, Angelo"]
[Black "Ghelfi, Giancarlo"]
[Result "1-0"]
[WhiteElo "1760"]
[BlackElo "1664"]
[PlyCount "111"]
[EventDate "2005.10.07"]

1. e4 c5 2. Nf3 d6 3. c3 Nc6 4. d4 cxd4 5. cxd4 e6 6. Nc3 d5 7. e5 Bb4 8. a3
Ba5 9. Bd3 Nge7 10. O-O Bb6 11. Be3 a5 12. Nb5 Bc7 13. Nxc7+ Qxc7 14. Rc1 Qb6
15. Qc2 Bd7 16. Rfd1 Rc8 17. Qb1 Nf5 18. Rc5 Nfxd4 19. Bxd4 Nxd4 20. Rxc8+ Bxc8
21. Nxd4 Bd7 22. Nf3 Ke7 23. Rc1 Bc6 24. Qc2 Kd7 25. Ng5 Qd4 26. Qc3 Qg4 27.
Nf3 d4 28. Qxd4+ Qxd4 29. Nxd4 Bd5 30. Nb5 Bc6 31. Nd4 Rc8 32. Bb5 h6 33. Nxc6
bxc6 34. Ba4 f6 35. exf6 gxf6 36. g3 Kd6 37. Rc4 c5 38. Bb5 e5 39. b4 axb4 40.
axb4 Kd5 41. Rxc5+ Rxc5 42. bxc5 Kxc5 43. Bd3 Kd4 44. Bf5 e4 45. Kg2 Ke5 46.
Bg4 f5 47. Be2 Kf6 48. h3 Kg6 49. Bd1 Kf6 50. Kf1 Ke5 51. Ke2 Kd4 52. Kd2 Ke5
53. Ke3 Kf6 54. Kf4 Kg6 55. Ba4 Kf6 56. Bd7 1-0